Renta, ventas, timbre : (Registro nro. 7612)

Detalles MARC
000 -LEADER
fixed length control field 01011nam a2200253Ia 4500
003 - CONTROL NUMBER IDENTIFIER
control field OSt
005 - DATE AND TIME OF LATEST TRANSACTION
control field 20210417225318.0
008 - FIXED-LENGTH DATA ELEMENTS--GENERAL INFORMATION
fixed length control field 210310s1993 ck gr 000 0 spa d
040 ## - CATALOGING SOURCE
Original cataloging agency CO-JMCR
Transcribing agency CO-JMCR
041 0# - LANGUAGE CODE
Language code of text/sound track or separate title spa
082 04 - DEWEY DECIMAL CLASSIFICATION NUMBER
Classification number 336.27 /
Item number Z38r
Edition number 23
100 1# - MAIN ENTRY--PERSONAL NAME
Personal name Zarta Avila, Plinio,
9 (RLIN) 14938
Relator term autor
245 10 - TITLE STATEMENT
Title Renta, ventas, timbre :
Remainder of title visión general /
Statement of responsibility, etc. Plinio Zarta Avila, Ana Clovis Niño Ramírez, Ricardo A. Avendaño Calderón
260 ## - PUBLICATION, DISTRIBUTION, ETC.
Place of publication, distribution, etc. Bogotá :
Name of publisher, distributor, etc. Dirección de Impuestos y Aduanas Nacionales,
Date of publication, distribution, etc. 1993
300 ## - PHYSICAL DESCRIPTION
Other physical details 44 páginas ;
Dimensions 21 cm.
504 ## - BIBLIOGRAPHY, ETC. NOTE
Bibliography, etc. note Bibliografía: páginas 43-44
505 0# - FORMATTED CONTENTS NOTE
Formatted contents note Rentas y complementarios -- Retención en la fuente -- Impuesto sobre las ventas -- Impuesto de timbre
650 14 - SUBJECT ADDED ENTRY--TOPICAL TERM
Topical term or geographic name entry element Rentas
9 (RLIN) 14940
Geographic subdivision Colombia
650 24 - SUBJECT ADDED ENTRY--TOPICAL TERM
Topical term or geographic name entry element Impuestos sobre la renta
Geographic subdivision Colombia
9 (RLIN) 36945
650 24 - SUBJECT ADDED ENTRY--TOPICAL TERM
Topical term or geographic name entry element Política fiscal
Geographic subdivision Colombia
9 (RLIN) 6903
700 1# - ADDED ENTRY--PERSONAL NAME
Personal name Niño Ramírez, Ana Clovis,
Relator term autora
9 (RLIN) 36946
700 1# - ADDED ENTRY--PERSONAL NAME
Personal name Avendaño Calderón, Ricardo A.,
Relator term autor
9 (RLIN) 36947
942 ## - ADDED ENTRY ELEMENTS (KOHA)
Source of classification or shelving scheme Dewey Decimal Classification
Koha item type Books
Existencias
Withdrawn status Lost status Source of classification or shelving scheme Damaged status Not for loan Collection code Home library Current library Date acquired Source of acquisition Full call number Barcode Date last seen Copy number Koha item type
    Dewey Decimal Classification     Fiction Biblioteca Pública José María del Castillo y Rada Biblioteca Pública José María del Castillo y Rada 04/15/2018 Donación 336.27 / Z38r 430004606 05/16/2024 Ej.1 Books